Loading...

Sri Ramakrishna

Bibliographic Details
Main Author: Nikhilananda Swami
Format: Printed Book
Published: Mylapore: Ramakrishna, 2012
Subjects:
LEADER 00481nam a22001457a 4500
020 |a 9788171209712 
082 |a 922 R  |b NIK/S 
100 |a Nikhilananda Swami 
245 |a Sri Ramakrishna 
260 |a Mylapore:  |b Ramakrishna,  |c 2012 
300 |a 186p. 
650 |a Ramakrishna Paramahamsar- Biography  |a Religion 
942 |c BK 
999 |c 38252  |d 38252 
952 |0 0  |1 0  |4 0  |6 922_000000000000000_R_NIKS  |7 0  |8 Stack  |9 40494  |a KUCL  |b KUCL  |c Stack  |d 2016-02-06  |l 0  |o 922 R NIK/S  |p 34933  |r 2016-02-06  |w 2016-02-06  |y BK